Statistics for 20 biggest cities in Serbia

Click here to take the quiz!

General Stats

  • This quiz has been taken 2,769 times
  • The average score is 13 of 20

Answer Stats

Urban PopulationCity% Correct
1,233,796Belgrade
100%
277,522Novi Sad
97%
187,544Niš
93%
105,861Subotica
82%
150,835Kragujevac
81%
64,175Kraljevo
70%
73,331Čačak
61%
58,745Kruševac
61%
76,511Zrenjanin
60%
60,288Leskovac
60%
55,138Vranje
60%
66,527Novi Pazar
59%
58,932Valjevo
59%
52,646Užice
58%
47,623Sombor
55%
64,175Smederevo
54%
53,919Šabac
54%
76,203Pančevo
54%
38,785Pirot
46%
44,183Požarevac
38%

Score Distribution

Percentile by Number Answered

Percent of People with Each Score

Your Score History

You have not taken this quiz